[Event "G5-1 2014"]
[Site "Skorping"]
[Date "2014.04.17"]
[Round "1"]
[White "Borg, Flemming"]
[Black "Lauridsen, Anders Gad"]
[Result "1-0"]
[WhiteElo "1848"]
[BlackElo "1716"]
[PlyCount "79"]
[EventDate "2014.??.??"]

1. f4 g6 2. g3 Bg7 3. Bg2 c6 4. e4 d5 5. e5 Nh6 6. Nf3 Bg4 7. d4 e6 8. Be3 Nf5
9. Bf2 Qb6 10. b3 Na6 11. O-O O-O 12. h3 Bxf3 13. Bxf3 Nc7 14. g4 Ne7 15. c4
Qa6 16. c5 b5 17. Bh4 f6 18. Nd2 h6 19. Bxf6 Bxf6 20. exf6 Rxf6 21. Be2 Raf8
22. Nf3 Rxf4 23. a4 Qb7 24. axb5 Nxb5 25. Bxb5 cxb5 26. Qe2 Re4 27. Qd3 Kg7 28.
Ne5 Rff4 29. Rxf4 Rxf4 30. Qe3 Rf6 31. g5 hxg5 32. Ng4 Rf5 33. Qxe6 Nc6 34. Ne3
Rf3 35. Nxd5 Qf7 36. Qxf7+ Rxf7 37. Ra5 Nxd4 38. c6 Kh6 39. c7 Rf8 40. Ne7 1-0

[Event "G5-1 2014"]
[Site "Skorping"]
[Date "2014.04.17"]
[Round "1"]
[White "Hansen, Aksel"]
[Black "Svendsen, Peter Willer"]
[Result "1/2-1/2"]
[WhiteElo "1720"]
[BlackElo "1870"]
[PlyCount "54"]
[EventDate "2014.??.??"]

1. d4 g6 2. e4 d6 3. Be3 Nf6 4. f3 Bg7 5. Qd2 Nc6 6. Bb5 O-O 7. Ne2 e5 8. Nbc3
exd4 9. Nxd4 Ne5 10. O-O a6 11. Be2 d5 12. exd5 Nxd5 13. Nxd5 Qxd5 14. Rfd1 Nc4
15. Bxc4 Qxc4 16. c3 Re8 17. Re1 Be6 18. b3 Qd5 19. Rad1 Qh5 20. Nxe6 Rxe6 21.
Bd4 Bh6 22. Qf2 Rae8 23. Rxe6 Rxe6 24. Re1 Qf5 25. Rxe6 Qxe6 26. Kf1 b6 27. Qe2
Qxe2+ 1/2-1/2

[Event "G5-1 2014"]
[Site "Skorping"]
[Date "2014.04.17"]
[Round "1"]
[White "Rasmussen, Morten Fredsgaard"]
[Black "Olsen, Karsten Kierkegaard"]
[Result "1-0"]
[WhiteElo "1944"]
[BlackElo "1732"]
[PlyCount "37"]
[EventDate "2014.??.??"]

1. d4 c6 2. e4 d5 3. Nc3 e6 4. Nf3 c5 5. Bb5+ Nc6 6. exd5 exd5 7. dxc5 Nf6 8.
Bg5 Be7 9. Ne5 Qc7 10. Bf4 Bxc5 11. Ng6 Bxf2+ 12. Kxf2 Qb6+ 13. Be3 Ng4+ 14.
Qxg4 Qxe3+ 15. Kxe3 Bxg4 16. Nxh8 Kf8 17. Nxf7 d4+ 18. Kf4 Kxf7 19. Bxc6 1-0

[Event "G5-1 2014"]
[Site "Skorping"]
[Date "2014.04.18"]
[Round "2"]
[White "Agger, Lars Breinholt"]
[Black "Wuertz, Jacob"]
[Result "0-1"]
[WhiteElo "1755"]
[BlackElo "2036"]
[PlyCount "81"]
[EventDate "2014.??.??"]

1. e4 e6 2. d4 d5 3. Nc3 Nf6 4. Bg5 Be7 5. e5 Nfd7 6. Bxe7 Qxe7 7. f4 a6 8. Nf3
c5 9. Qd2 Nc6 10. Be2 b5 11. dxc5 Qxc5 12. Bd3 Bb7 13. a3 Nb6 14. Qf2 Qxf2+ 15.
Kxf2 Nc4 16. b3 Nb6 17. g4 Ke7 18. Rhg1 Nd7 19. Ke3 Rac8 20. Ne2 f6 21. exf6+
gxf6 22. Ned4 Nc5 23. Nxc6+ Bxc6 24. Nd4 Nxd3 25. Kxd3 Bd7 26. Rae1 Kd6 27.
Rgf1 Rhg8 28. h3 Rg7 29. Rf3 h5 30. Rfe3 Re8 31. gxh5 e5 32. fxe5+ fxe5 33. h6
Rh7 34. Ne2 Rxh6 35. Ng1 d4 36. Rg3 Bf5+ 37. Kd2 Rc8 38. Rc1 e4 39. Ne2 Ke5 40.
c4 e3+ 41. Kd1 0-1

[Event "G5-1 2014"]
[Site "Skorping"]
[Date "2014.04.18"]
[Round "2"]
[White "Ertbjerg, Andreas Lund"]
[Black "Borg, Flemming"]
[Result "1-0"]
[WhiteElo "1958"]
[BlackElo "1848"]
[PlyCount "61"]
[EventDate "2014.??.??"]

1. e4 c6 2. d4 d5 3. Nc3 dxe4 4. Nxe4 Nf6 5. Nxf6+ gxf6 6. Bc4 Bf5 7. c3 e6 8.
Qe2 Nd7 9. g4 Bg6 10. f4 f5 11. g5 h6 12. h4 hxg5 13. h5 g4 14. hxg6 Rxh1 15.
gxf7+ Kxf7 16. Qxe6+ Kg7 17. Qg8+ Kh6 18. Qh8+ Kg6 19. Qxh1 Be7 20. Bd2 Bh4+
21. Kd1 Nb6 22. Bd3 Nd5 23. Qg2 Kf6 24. Ne2 Qe7 25. Kc2 Ne3+ 26. Bxe3 Qxe3 27.
Rh1 Qf2 28. Qxf2 Bxf2 29. Rh5 Rg8 30. Rxf5+ Ke6 31. Rg5 1-0

[Event "G5-1 2014"]
[Site "Skorping"]
[Date "2014.04.18"]
[Round "2"]
[White "Hansen, Aksel"]
[Black "Petersen, Jan Han"]
[Result "0-1"]
[WhiteElo "1720"]
[BlackElo "1771"]
[PlyCount "88"]
[EventDate "2014.??.??"]

1. d4 Nf6 2. c4 e6 3. Nc3 d5 4. cxd5 exd5 5. Nf3 Bf5 6. Bg5 Be7 7. e3 c6 8. Bd3
Bxd3 9. Qxd3 Nbd7 10. O-O O-O 11. Rfe1 Ne4 12. Bxe7 Qxe7 13. Nd2 Nxd2 14. Qxd2
f5 15. f3 Qg5 16. Re2 Rae8 17. Rae1 Nf6 18. Qc2 h5 19. Qb3 b6 20. e4 fxe4 21.
Nxe4 Nxe4 22. Rxe4 Rxe4 23. Rxe4 Qc1+ 24. Kf2 Qd2+ 25. Kf1 Kh7 26. Re5 Qxd4 27.
Rxh5+ Kg6 28. Rh3 Qd2 29. Qc3 Qxc3 30. bxc3 Rf4 31. Rg3+ Kf6 32. Rg4 Rxg4 33.
fxg4 Kg5 34. h3 b5 35. Kf2 c5 36. g3 a5 37. Kf3 b4 38. h4+ Kg6 39. cxb4 axb4
40. Ke3 Kf6 41. Kf4 c4 42. g5+ Kg6 43. g4 b3 44. h5+ Kh7 0-1

[Event "G5-1 2014"]
[Site "Skorping"]
[Date "2014.04.18"]
[Round "2"]
[White "Lauridsen, Anders Gad"]
[Black "Maagaard, David Bille"]
[Result "1-0"]
[WhiteElo "1716"]
[BlackElo "1755"]
[PlyCount "87"]
[EventDate "2014.??.??"]

1. e4 e5 2. Bc4 Be7 3. d3 Nf6 4. f4 d6 5. Nf3 Nc6 6. h3 exf4 7. Bxf4 Nh5 8. Be3
Ng3 9. Rg1 h5 10. Nc3 Ne5 11. Nxe5 dxe5 12. Qf3 O-O 13. O-O-O h4 14. Ne2 Nxe2+
15. Qxe2 Bg5 16. Kb1 Bxe3 17. Qxe3 a5 18. g3 c6 19. gxh4 Qxh4 20. a3 b5 21. Ba2
Bd7 22. Rg3 Qf4 23. Qg1 Qh6 24. Qc5 Qf6 25. Rdg1 Kh8 26. Rxg7 Rg8 27. Rxg8+
Rxg8 28. Rxg8+ Kxg8 29. Qg1+ Kf8 30. Qg2 Qh4 31. Qf1 f6 32. Qg1 Bxh3 33. Qg8+
Ke7 34. Qf7+ Kd6 35. Qf8+ Kc7 36. Qe7+ Kc8 37. Be6+ Bxe6 38. Qxe6+ Kb7 39. Qd7+
Kb6 40. Qd8+ Ka6 41. Qc7 Qh1+ 42. Ka2 f5 43. Qxc6+ Ka7 44. Qd7+ 1-0

[Event "G5-1 2014"]
[Site "Skorping"]
[Date "2014.04.18"]
[Round "2"]
[White "Marshall, Michael O"]
[Black "Olsen, Karsten Kierkegaard"]
[Result "1-0"]
[WhiteElo "1809"]
[BlackElo "1732"]
[PlyCount "53"]
[EventDate "2014.??.??"]

1. d4 Nf6 2. Nf3 d5 3. e3 g6 4. c4 e6 5. Be2 Bg7 6. b3 O-O 7. Bb2 c6 8. Nbd2
Nbd7 9. Qc2 e5 10. dxe5 Ng4 11. cxd5 cxd5 12. O-O Ndxe5 13. h3 Nxf3+ 14. Nxf3
Bf5 15. Qd2 Nf6 16. Qb4 b6 17. Rac1 Rc8 18. Ba6 Rc5 19. Nd4 Ne4 20. Ba1 Rxc1
21. Rxc1 Nc5 22. Be2 Bd3 23. Nc6 Qc7 24. Bxg7 Kxg7 25. Qd4+ Kg8 26. Bxd3 Qxc6
27. b4 1-0

[Event "G5-1 2014"]
[Site "Skorping"]
[Date "2014.04.18"]
[Round "2"]
[White "Mortensen, Henrik"]
[Black "Rasmussen, Morten Fredsgaard"]
[Result "1-0"]
[WhiteElo "2011"]
[BlackElo "1944"]
[PlyCount "79"]
[EventDate "2014.??.??"]

1. Nf3 d5 2. b3 c6 3. Bb2 Nf6 4. g3 Bg4 5. Bg2 Nbd7 6. h3 Bh5 7. O-O e6 8. d3
Bd6 9. Nbd2 Qe7 10. a4 O-O 11. e4 dxe4 12. dxe4 Bxf3 13. Qxf3 Be5 14. c3 Rad8
15. Nc4 Bb8 16. Qe2 Ne5 17. Ba3 c5 18. Nb2 b6 19. Rfd1 Rxd1+ 20. Rxd1 Rd8 21.
f4 Rxd1+ 22. Qxd1 Nc6 23. e5 Nd5 24. Bxd5 exd5 25. Qxd5 Qe8 26. Nc4 Kh8 27. b4
Ne7 28. Qd3 Qxa4 29. bxc5 b5 30. Qd8+ Ng8 31. Qxb8 Qd1+ 32. Kf2 Qc2+ 33. Kf3
Qd1+ 34. Ke3 bxc4 35. Qd6 Qg1+ 36. Ke4 Qxg3 37. c6 Qxc3 38. c7 f5+ 39. Kd5 Qd3+
40. Ke6 1-0

[Event "G5-1 2014"]
[Site "Skorping"]
[Date "2014.04.18"]
[Round "2"]
[White "Svendsen, Peter Willer"]
[Black "Skytte, Torill"]
[Result "1-0"]
[WhiteElo "1870"]
[BlackElo "1996"]
[PlyCount "75"]
[EventDate "2014.??.??"]

1. e4 e6 2. d4 d5 3. exd5 exd5 4. Nf3 Bd6 5. Bd3 Bg4 6. h3 Bh5 7. O-O Nc6 8.
Re1+ Nge7 9. c3 Qd7 10. a4 O-O-O 11. Nbd2 g5 12. Nf1 Rdg8 13. Bb5 Bxf3 14. Qxf3
g4 15. hxg4 Rxg4 16. Ne3 Rg7 17. Kf1 Qe6 18. Bd2 Rhg8 19. Nc4 Qd7 20. Nxd6+
Qxd6 21. Bf4 Qd8 22. a5 a6 23. Bd3 Ng6 24. Bh6 Nh4 25. Qh3+ Kb8 26. Bxg7 Rxg7
27. g3 Nf3 28. Re3 Ng5 29. Qf5 Ne6 30. b4 Qd6 31. b5 axb5 32. Bxb5 Ne7 33. Qe5
Qd8 34. a6 b6 35. a7+ Ka8 36. Qf6 c6 37. Qxe7 cxb5 38. Rxe6 1-0

[Event "G5-1 2014"]
[Site "Skorping"]
[Date "2014.04.19"]
[Round "3"]
[White "Wuertz, Jacob"]
[Black "Ertbjerg, Andreas Lund"]
[Result "1/2-1/2"]
[WhiteElo "2036"]
[BlackElo "1958"]
[PlyCount "29"]
[EventDate "2014.??.??"]

1. Nf3 e6 2. g3 Nf6 3. Bg2 Be7 4. O-O O-O 5. d4 c5 6. c4 cxd4 7. Nxd4 a6 8. Nc3
Qc7 9. Qd3 Nc6 10. b3 b6 11. Rd1 Bb7 12. Nc2 Ne5 13. Qd2 Bxg2 14. Kxg2 Rfd8 15.
Bb2 1/2-1/2

[Event "G5-1 2014"]
[Site "Skorping"]
[Date "2014.04.19"]
[Round "3"]
[White "Borg, Flemming"]
[Black "Mortensen, Henrik"]
[Result "1/2-1/2"]
[WhiteElo "1848"]
[BlackElo "2011"]
[PlyCount "30"]
[EventDate "2014.??.??"]

1. e4 d5 2. d3 dxe4 3. dxe4 Qxd1+ 4. Kxd1 e5 5. Be3 Be6 6. Bb5+ c6 7. Ba4 f6 8.
Nd2 Nd7 9. Bb3 Kf7 10. c3 Bc5 11. Bxe6+ Kxe6 12. Ke2 Nh6 13. f3 a5 14. Nh3 Rhd8
15. Rhd1 Bxe3 1/2-1/2

[Event "G5-1 2014"]
[Site "Skorping"]
[Date "2014.04.19"]
[Round "3"]
[White "Petersen, Jan Han"]
[Black "Svendsen, Peter Willer"]
[Result "1-0"]
[WhiteElo "1771"]
[BlackElo "1870"]
[PlyCount "55"]
[EventDate "2014.??.??"]

1. e4 e5 2. Nf3 Nf6 3. d4 Nxe4 4. Nxe5 d5 5. Bd3 Nd7 6. Nxf7 Kxf7 7. Qh5+ Ke6
8. Bxe4 dxe4 9. d5+ Ke7 10. Nc3 Nf6 11. Bg5 Qe8 12. d6+ cxd6 13. Nd5+ Kd7 14.
Qh3+ Kd8 15. Qc3 Qe5 16. Qxe5 dxe5 17. O-O-O Bg4 18. f3 Bxf3 19. gxf3 Kc8 20.
Nxf6 gxf6 21. Bxf6 Bh6+ 22. Kb1 Rf8 23. Bxe5 exf3 24. Rd3 f2 25. Rf1 Re8 26.
Bg3 Bf4 27. Bxf4 Re1+ 28. Rd1 1-0

[Event "G5-1 2014"]
[Site "Skorping"]
[Date "2014.04.19"]
[Round "3"]
[White "Rasmussen, Morten Fredsgaard"]
[Black "Agger, Lars Breinholt"]
[Result "1-0"]
[WhiteElo "1944"]
[BlackElo "1755"]
[PlyCount "39"]
[EventDate "2014.??.??"]

1. e4 c5 2. Nc3 d6 3. Bc4 Nc6 4. d3 Nf6 5. Nge2 e6 6. Bg5 Be7 7. O-O a6 8. a4
O-O 9. f4 Ng4 10. Bxe7 Qxe7 11. Rf3 Nd4 12. Rh3 Nf6 13. e5 dxe5 14. fxe5 Nd7
15. Nxd4 cxd4 16. Qh5 h6 17. Ne4 Rd8 18. Rf1 Nf8 19. Rhf3 Rd7 20. Nf6+ 1-0

[Event "G5-1 2014"]
[Site "Skorping"]
[Date "2014.04.20"]
[Round "4"]
[White "Petersen, Jan Han"]
[Black "Wuertz, Jacob"]
[Result "0-1"]
[WhiteElo "1771"]
[BlackElo "2036"]
[PlyCount "106"]
[EventDate "2014.??.??"]

1. e4 e6 2. d4 d5 3. Nd2 Nc6 4. c3 e5 5. exd5 Qxd5 6. Ngf3 exd4 7. Bc4 Qh5 8.
Qe2+ Be7 9. Nxd4 Qxe2+ 10. Nxe2 Ne5 11. O-O Nxc4 12. Nxc4 Be6 13. Na5 O-O-O 14.
Nd4 Bd5 15. Be3 Bf6 16. Rfd1 Ne7 17. c4 Be4 18. f3 Bg6 19. Nab3 h5 20. Bf4 a6
21. Rd2 c5 22. Ne2 Rxd2 23. Bxd2 Bxb2 24. Re1 b6 25. Nf4 Bf6 26. Bc3 Bxc3 27.
Rxe7 Bf6 28. Nxg6 fxg6 29. Re6 Kc7 30. Kf1 Rd8 31. Ke2 Rd7 32. Ke3 Re7 33.
Rxe7+ Bxe7 34. a4 Kc6 35. Ke4 Bf6 36. Nc1 b5 37. axb5+ axb5 38. cxb5+ Kxb5 39.
Kd3 c4+ 40. Kc2 Kc5 41. Ne2 Be5 42. f4 Bf6 43. h3 Kd5 44. g4 Ke4 45. f5 hxg4
46. hxg4 Kf3 47. Ng1+ Kxg4 48. fxg6 Kg5 49. Nf3+ Kxg6 50. Nd2 c3 51. Ne4 Kf5
52. Ng3+ Kf4 53. Nh5+ Kg4 0-1

[Event "G5-1 2014"]
[Site "Skorping"]
[Date "2014.04.20"]
[Round "4"]
[White "Ertbjerg, Andreas Lund"]
[Black "Lauridsen, Anders Gad"]
[Result "1-0"]
[WhiteElo "1958"]
[BlackElo "1716"]
[PlyCount "53"]
[EventDate "2014.??.??"]

1. e4 c5 2. Nc3 g6 3. d3 Bg7 4. g3 Nc6 5. Bg2 d6 6. Be3 Nf6 7. h3 Rb8 8. f4 e6
9. Qd2 Bd7 10. Nf3 O-O 11. O-O b5 12. a3 Qb6 13. Ne2 b4 14. axb4 Qxb4 15. Rfb1
Qxd2 16. Bxd2 Rb6 17. Bc3 Rfb8 18. Nd2 a6 19. Nc4 Rb5 20. Nxd6 R5b6 21. Nc4 Rb5
22. Nd6 R5b6 23. Nc4 Rb5 24. Rxa6 Nb4 25. Ra7 Nxc2 26. e5 Nd5 27. Rxd7 1-0

[Event "G5-1 2014"]
[Site "Skorping"]
[Date "2014.04.20"]
[Round "4"]
[White "Mortensen, Henrik"]
[Black "Svendsen, Peter Willer"]
[Result "1-0"]
[WhiteElo "2011"]
[BlackElo "1870"]
[PlyCount "137"]
[EventDate "2014.??.??"]

1. Nf3 Nf6 2. c4 g6 3. Nc3 Bg7 4. e4 d6 5. d4 O-O 6. Be2 e5 7. dxe5 dxe5 8.
Qxd8 Rxd8 9. Bg5 c6 10. Nxe5 Re8 11. f4 Na6 12. O-O-O Nc5 13. Bf3 Ne6 14. Rhe1
h6 15. Bxf6 Bxf6 16. Ng4 Bg7 17. g3 Nd4 18. Nxh6+ Kh7 19. Rxd4 Bxd4 20. Nxf7
Be6 21. Ng5+ Kg7 22. Nxe6+ Rxe6 23. e5 Rd8 24. Ne4 Re7 25. Bg4 b5 26. Ng5 Rde8
27. Bf3 bxc4 28. Bxc6 Rb8 29. Re2 c3 30. b3 Rc8 31. Bd5 Bc5 32. Kc2 Ba3 33. Bc4
Bb2 34. Ne4 a5 35. Nxc3 Bxc3 36. Kxc3 Rec7 37. Rd2 a4 38. Rd6 Rf8 39. Kd4 g5
40. Ke4 axb3 41. axb3 Ra7 42. f5 Rh8 43. Rd2 Rh6 44. f6+ Kg6 45. Rf2 Rh8 46. e6
Rc7 47. e7 Rhc8 48. Bb5 Kf7 49. e8=Q+ Rxe8+ 50. Bxe8+ Kxe8 51. Kd4 Kf7 52. b4
Rd7+ 53. Kc5 Rd3 54. Rf5 g4 55. Rf4 Rd2 56. Rxg4 Rxh2 57. Rf4 Rc2+ 58. Kb6 Rc3
59. g4 Rb3 60. b5 Rb1 61. Kc6 Rc1+ 62. Kb7 Rc2 63. b6 Rb2 64. Kc7 Rc2+ 65. Kb8
Rb2 66. Ka7 Ra2+ 67. Kb8 Rb2 68. b7 Rb1 69. Rc4 1-0

[Event "G5-1 2014"]
[Site "Skorping"]
[Date "2014.04.21"]
[Round "5"]
[White "Wuertz, Jacob"]
[Black "Mortensen, Henrik"]
[Result "1/2-1/2"]
[WhiteElo "2036"]
[BlackElo "2011"]
[PlyCount "37"]
[EventDate "2014.??.??"]

1. Nf3 c5 2. g3 Nc6 3. Bg2 e5 4. c4 g6 5. d3 Bg7 6. Nc3 Nge7 7. O-O O-O 8. Bd2
d6 9. a3 Rb8 10. Rb1 a5 11. Re1 h6 12. e4 Bg4 13. h3 Be6 14. Nd5 Bxd5 15. cxd5
Nd4 16. Nxd4 exd4 17. Qa4 b6 18. b4 axb4 19. axb4 1/2-1/2

[Event "G5-1 2014"]
[Site "Skorping"]
[Date "2014.04.21"]
[Round "5"]
[White "Rasmussen, Morten Fredsgaard"]
[Black "Ertbjerg, Andreas Lund"]
[Result "1-0"]
[WhiteElo "1944"]
[BlackElo "1958"]
[PlyCount "71"]
[EventDate "2014.??.??"]

1. d4 d5 2. Bf4 Nf6 3. e3 c6 4. c3 g6 5. Nd2 Bg7 6. Qb3 Qb6 7. Be2 Bf5 8. Ngf3
O-O 9. h3 Nbd7 10. O-O Rfe8 11. c4 dxc4 12. Bxc4 Qxb3 13. Nxb3 Nb6 14. Be2 Nbd5
15. Bh2 Rac8 16. Rac1 Nb4 17. Ne5 Ne4 18. a3 Be6 19. Na5 Na2 20. Rc2 f6 21. Nd3
Kh8 22. Nf4 Bg8 23. Bc4 e5 24. Bxg8 Kxg8 25. Ne2 b6 26. Nxc6 Rc7 27. d5 f5 28.
Ra1 Nf6 29. d6 Rd7 30. Bxe5 Rxe5 31. Nxe5 Rxd6 32. Rxa2 Rd1+ 33. Kh2 Ne4 34.
Rc8+ Bf8 35. Nc3 Rc1 36. Nd7 1-0

[Event "G5-1 2014"]
[Site "Skorping"]
[Date "2014.04.21"]
[Round "5"]
[White "Skytte, Torill"]
[Black "Petersen, Jan Han"]
[Result "1-0"]
[WhiteElo "1996"]
[BlackElo "1771"]
[PlyCount "81"]
[EventDate "2014.??.??"]

1. d4 Nf6 2. Bf4 e6 3. e3 d5 4. Nf3 c5 5. c3 Nc6 6. Nbd2 c4 7. Qc2 b5 8. a3 h6
9. Be2 Be7 10. Ne5 Nxe5 11. Bxe5 Bd6 12. Bg3 Bb7 13. Bf3 Rb8 14. Bh4 g5 15. Bg3
h5 16. Be2 h4 17. Bxd6 Qxd6 18. h3 Ne4 19. Nxe4 dxe4 20. a4 a6 21. axb5 axb5
22. b3 cxb3 23. Qxb3 O-O 24. Bxb5 Rfc8 25. c4 Kg7 26. O-O f5 27. Qd1 Kf6 28.
Ra7 g4 29. hxg4 Rg8 30. c5 Qd5 31. Be2 fxg4 32. Bxg4 Qg5 33. Bh3 Qd5 34. Kh1
Bc6 35. Rh7 Rh8 36. Rxh8 Rxh8 37. Qg4 Bb5 38. Ra1 Rh7 39. Qf4+ Kg6 40. Qb8 Be2
41. Qg8+ 1-0

[Event "G5-1 2014"]
[Site "Skorping"]
[Date "2014.04.21"]
[Round "5"]
[White "Lauridsen, Anders Gad"]
[Black "Agger, Lars Breinholt"]
[Result "1/2-1/2"]
[WhiteElo "1716"]
[BlackElo "1755"]
[PlyCount "122"]
[EventDate "2014.??.??"]

1. e4 c5 2. c3 d5 3. exd5 Qxd5 4. d4 e5 5. dxe5 Qxe5+ 6. Be3 Nc6 7. Nf3 Qc7 8.
Bb5 Bd7 9. Nbd2 Nf6 10. Qe2 O-O-O 11. O-O a6 12. Bd3 Bg4 13. b4 Ne5 14. Bxa6 c4
15. Nxc4 Bd6 16. Bb6 Nxf3+ 17. gxf3 Bxh2+ 18. Kg2 Bh3+ 19. Kxh3 Qf4 20. Qe3 Rd5
21. Qxf4 Bxf4 22. Rfd1 bxa6 23. Rxd5 Nxd5 24. Bd4 f6 25. Re1 Kd7 26. Ne3 Ne7
27. Rd1 Ke6 28. Bc5 Nc6 29. c4 Rb8 30. a3 Be5 31. Nc2 Rb7 32. Kg4 g6 33. f4 h5+
34. Kf3 Bb8 35. Nd4+ Nxd4+ 36. Rxd4 Rh7 37. Re4+ Kf5 38. Re7 Rxe7 39. Bxe7 Bxf4
40. Bxf6 Bc1 41. Bd4 Bxa3 42. b5 axb5 43. cxb5 Bd6 44. Ba7 h4 45. b6 h3 46. b7
g5 47. b8=Q g4+ 48. Ke2 Bxb8 49. Bxb8 Ke4 50. Bg3 Kd4 51. Kf1 Ke4 52. Ke2 Kd4
53. Kf1 Ke4 54. Kg1 Kf3 55. Kh2 Ke2 56. Bh4 Kf3 57. Kg1 Ke2 58. Kh1 Kf3 59. Kh2
Ke2 60. Kg3 Kf1 61. Kh2 Ke2 1/2-1/2